Kingdoms of the Heptarchy - Statistics

General Stats
  • This quiz has been taken 52 times
  • The average score is 6 of 7
Answer Stats
Answer % Correct
Wessex
95%
Northumbria
88%
Essex
85%
Mercia
85%
Sussex
83%
East Anglia
78%
Kent
75%
No matching quizzes found
Score Distribution
Percent of People with Each Score
Percentile by Number Answered
Your Score History
You have not taken this quiz